000 02286cam a22005294i 4500
003 PE-LiUPU
005 20250731165523.0
008 150623s r 000 0 d
020 _a1841272027
035 _a(Sirsi) i9781841272023
040 _aPE-LiUPU
_bspa
_cPE-LiUPU
_erda
049 _aPRUA
082 0 4 _a221.07
_bJ
_221
100 1 _aGrabbe, Lester L.,
_eautor.
245 1 1 _a!Every city shall be forsaken' :
_burbanism and prophecy in ancient israel and the near east.
_n330 /
_cLester L. Grabbe.
264 1 _aSheffield, England :
_bSheffield Academic Press,
_c2001.
300 _a226 páginas ;
_c24 centímetros
336 _atext
_2rdacontent
337 _aunmediated
_2rdamedia
338 _avolume
_2rdacarrier
490 0 _aJournal for the Study of the Old Testament Supplement Series ;
_v330
504 _aIncluye bibliografía.
505 0 _aCityscape to landscape: The 'back to nature' theme in isaiah 1-35. City of chaos, city of stone, city of flesh: urbanscapes in prophitic discourses. Proximity to the central davidic citadel and the greater and lesser prophets. This land is my land: on nature as property in the book of Ezekiel. Sup-Urbas or only hyp-urbas? prophets and populations in ancient israel and socio-historical method.
526 _aSEG44
526 _aSEG26
526 _aP151
526 _aP150
526 _aP149
526 _aP146
526 _aP145
526 _aP126
526 _aP125
526 _aP92
526 _aP75
526 _aP74
526 _aP27
526 _aP15
630 _aBiblia.
_pA.T.
_xDescripciones y viajes.
650 0 4 _aCiudades y pueblos
_xEnseñanza biblica.
650 0 4 _aUrbanismo y profecía.
942 _2ddc
_cBOOK
949 _aRC 221.07 J 330
_wDEWEY
_c1
_i53591
_lCCODEBUL1
_mBUL
_p15.00
_r0
_sY
_tBOOK
_u2015-6-24
_xTEOLOGIA
_PP35
_0COMPRA
_o.CIRCNOTE. No olvidar cambiar la fecha de devolución!!!!!!!
_o.STAFF. Colección General
994 _aC0
_bPEPRU
596 _a1
999 _aRC 221.07 J 330
_wDEWEY
_c35635
_i53591
_f2021-11-8
_g6
_lCCODEBUL1
_mBUL
_p15.00
_r1
_sY
_tBOOK
_u2015-6-24
_xTEOLOGIA
_PP35
_0COMPRA
_o.CIRCNOTE. No olvidar cambiar la fecha de devolución!!!!!!!
_o.STAFF. Colección General
_d35635
980 _81
_gALBERTO SANCHEZ Responsable de Automatización